Some aspects of labour use in Indian agriculture (Record no. 430084)

000 -LEADER
fixed length control field 00345cam a22001097a 4500
008 - FIXED-LENGTH DATA ELEMENTS--GENERAL INFORMATION
fixed length control field 180718b1976 xxu||||| |||| 00| 0 eng d
082 ## - DEWEY DECIMAL CLASSIFICATION NUMBER
Classification number Z47x54 M474
100 ## - MAIN ENTRY--PERSONAL NAME
Personal name Mehra, Shakuntla
245 ## - TITLE STATEMENT
Title Some aspects of labour use in Indian agriculture
Statement of responsibility, etc. by Shakuntla Mehra
260 ## - PUBLICATION, DISTRIBUTION, ETC.
Place of publication, distribution, etc. New York
Name of publisher, distributor, etc. Department of Agriculural Economics
Date of publication, distribution, etc. 1976
300 ## - PHYSICAL DESCRIPTION
Extent 31+p.
Holdings
Withdrawn status Lost status Damaged status Not for loan Permanent Location Current Location Date acquired Full call number Barcode Date last seen Price effective from Koha item type
        Indian Institute of Public Administration Indian Institute of Public Administration 2010-01-06 Z47x54 M474 10510 2018-07-21 2018-07-21 Book

Powered by Koha